Teatro, comunidad, liberación e interculturalidad : el proyecto teatral de Rafael Murillo Selva-Rendón /

Guardat en:
Dades bibliogràfiques
Autor principal: Corrales Arias, Adriano, 1958-
Format: Desconegut
Idioma:Spanish
Publicat: San José, Costa Rica : Arboleda, 2011.
Matèries:
Etiquetes: Afegir etiqueta
Sense etiquetes, Sigues el primer a etiquetar aquest registre!

MARC

LEADER 000000000a22000000004500
001 003672
020 |a 9789968536264 
041 0 |a spa 
082 0 4 |a 792.04   |b C823t 
100 1 |a Corrales Arias, Adriano,   |d 1958- 
245 1 0 |a Teatro, comunidad, liberación e interculturalidad :   |b el proyecto teatral de Rafael Murillo Selva-Rendón /   |c Adriano Corrales Arias. 
260 1 |a San José, Costa Rica :   |b Arboleda,   |c 2011. 
300 |a 242 páginas :   |b ilustraciones 
650 4 |a TEATRO 
650 4 |a ENSAYOS 
999 |c 10142  |d 10142 
942 |c BK  |h 792.04 C823t  |2 z